Confidences d'un joeur de clarinette (Record no. 150950)

MARC details
000 -LEADER
campo de control de longitud fija 00851nam a2200229 i 4500
001 - NÚMERO DE CONTROL
campo de control 150950
003 - IDENTIFICADOR DE NÚMERO DE CONTROL
campo de control ES-MaACL
005 - FECHA Y HORA DE LA ÚLTIMA TRANSACCIÓN
campo de control 20230906203755.0
007 - CAMPO FIJO DE DESCRIPCIÓN FÍSICA--INFORMACIÓN GENERAL
campo de control de longitud fija t|
008 - DATOS DE LONGITUD FIJA--INFORMACIÓN GENERAL
campo de control de longitud fija 071114q18501899fr ||||1| fre d
100 0# - ENTRADA PRINCIPAL--NOMBRE DE PERSONA
Nombre de persona Erckmann-Chatrian.
9 (RLIN) 47367
245 10 - MENCIÓN DEL TÍTULO
Título Confidences d'un joeur de clarinette
Resto del título : [suivi de La taverne du Jambon de Mayence ; Les amoureux de Catherine ; Entre deux vins] /
Mención de responsabilidad, etc. Erckmann-Chatrian ; illustrations de Théophile Schuler.
260 ## - PUBLICACIÓN, DISTRIBUCIÓN, ETC.
Lugar de publicación, distribución, etc. [Paris? :
Nombre del editor, distribuidor, etc. J. Hetzel?,
Fecha de publicación, distribución, etc. 18--?]
300 ## - DESCRIPCIÓN FÍSICA
Extensión 104 p. :
Otras características físicas il. ;
Dimensiones 28 cm.
500 ## - NOTA GENERAL
Nota general Texto a dos columnas.
500 ## - NOTA GENERAL
Nota general Ejemplar sin portada.
700 1# - ENTRADA AGREGADA--NOMBRE PERSONAL
Nombre de persona Schuler, Théophile.
9 (RLIN) 104756
740 3# - ENTRADA AGREGADA--TÍTULO RELACIONADO/ANALÍTICO NO CONTROLADO
Título relacionado o analítico no controlado La Taverne du Jambon de Mayence.
740 4# - ENTRADA AGREGADA--TÍTULO RELACIONADO/ANALÍTICO NO CONTROLADO
Título relacionado o analítico no controlado Les amoureux de Catherine.
740 0# - ENTRADA AGREGADA--TÍTULO RELACIONADO/ANALÍTICO NO CONTROLADO
Título relacionado o analítico no controlado Entre deux vins.
852 ## - LOCALIZACIÓN
Ubicación ES-MaACL
Número de control de estantería C-1918(5)
condición física . - Encuadernado con otras obras
Holdings
Estatus retirado Estado de pérdida Estado de daño No para préstamo Biblioteca de origen Biblioteca actual Ubicación en estantería Fecha de adquisición Fuente de adquisición Total de préstamos Signatura topográfica completa Código de barras Visto por última vez Precio de reemplazo Tipo de ítem Koha
        Biblioteca del Ateneo de Madrid Biblioteca del Ateneo de Madrid Galería 17/01/2008     C-1918(5) 1157515 23/02/2023 23/02/2023 Libro impreso antiguo